Detalles MARC
| 000 -LÍDER |
| Campo fijo de descripción fija |
01834nam a2200325 i 4500 |
| 001 - NÚMERO DE CONTROL |
| Campo de control |
768714001 |
| 003 - IDENTIFICADOR DEL NÚMERO DE CONTROL |
| Campo de control |
CO-MdFUSB |
| 005 - FECHA Y HORA DE LA ULTIMA TRANSACCIÓN |
| control field |
20210413155441.0 |
| 007 - CAMPO FIJO DE DESCRIPCIÓN FIJA--INFORMACIÓN GENERAL |
| Campo fijo de descripción fija |
ta |
| 008 - ELEMENTOS DE LONGITUD FIJA -- INFORMACIÓN GENERAL |
| Campo fijo de descripción fija -- Información general |
200608t2008 sp |||| |||| 00| 0 spa d |
| 020 ## - NÚMERO INTERNACIONAL NORMALIZADO PARA LIBROS |
| Número Internacional Normalizado del libro |
9789586395649 |
| 040 ## - FUENTE DE CATALOGACIÓN |
| Agencia de catalogación original |
CO-MdFUSB |
| Idioma de catalogación |
spa |
| Agencia que realiza la transcripción |
CO-MdFUSB |
| Agencia que realiza la modificación |
CO-MdFUSBC |
| Convenciones de la descripción |
rda |
| 041 ## - CÓDIGO DE IDIOMA |
| Código de idioma para texto/pista de sonido o título separado |
spa |
| 082 ## - NÚMERO DE CLASIFICACIÓN DECIMAL DEWEY |
| Número de la edición del Dewey |
23 |
| Número de clasificación |
863.5 |
| Clave de autor-Numero de item |
R436 |
| 100 ## - ASIENTO PRINCIPAL--NOMBRE PERSONAL |
| Nombre personal |
Restrepo, Javier Darío |
| Término relacionador |
autor |
| 245 ## - TÍTULO |
| Título del Material |
Estoy vivo y libre |
| Mención de responsabilidad, etc. |
/ Javier Darío Restrepo |
| 264 #1 - PRODUCCIÓN, PUBLICACIÓN, DISTRIBUCIÓN, MANUFACTURA, Y COPYRIGHT |
| Lugar de producción, publicación, distribución, manufactura |
Madrid, España : |
| Nombre del productor, publicador, distribuidor |
Random House Mondadori, |
| Fecha de producción, publicación, distribución, manufactura, o copyright |
[2008] |
| 264 #4 - PRODUCCIÓN, PUBLICACIÓN, DISTRIBUCIÓN, MANUFACTURA, Y COPYRIGHT |
| Fecha de producción, publicación, distribución, manufactura, o copyright |
©2008 |
| 300 ## - DESCRIPCIÓN FÍSICA |
| Dimensiones |
289 páginas ; |
| Extensión |
23 cm |
| 336 ## - TIPO DE CONTENIDO |
| Fuente |
rdacontent |
| Término de tipo de contenido |
texto |
| Código de tipo de contenido |
txt |
| 337 ## - TIPO DE MEDIO |
| Fuente |
rdamedia |
| Nombre del tipo de medio |
sin mediación |
| Código del tipo de medio |
n |
| 338 ## - TIPO DE SOPORTE |
| Fuente |
rdacarrier |
| Nombre del tipo de soporte |
volumen |
| Código Tipo de soporte |
nc |
| 490 ## - MENCIÓN DE SERIE |
| Mención de serie |
Literatura Mondadori. |
| 505 ## - NOTA DE CONTENIDO |
| Nota de contenido con formato preestablecido |
Chano -- Margarita -- Regreso a casa -- Isabel -- El secreto -- Andrés -- Oscar Andrés -- La entrevista -- Regreso al trabajo -- Isaias -- La casa -- Samuel -- El editor -- El deber de la fuga -- Navidad negra -- Las cadenas -- Rodrigo -- El refugio de la memoria -- La cárcel del tiempo -- Los carceleros -- Las niñas -- La madre de "el tigre" |
| 520 4# - NOTA DE RESUMEN, ETC. |
| Nota de sumario, etc. |
Los secuestradores son personas en situación límite; allí se revela lo mejor y lo peor del hombre. Desde los cambuches mimetizados en la selva todo se ve distinto: la vida, la muerte, los otros, el tiempo, los recuerdos, Dios, el pasado, el futuro, el perdón y la culpa. Y los que regresan encuentran otro mundo, descubren sus cicatrices y las heridas mal cerradas, además: los cambios que el secuestro les deja como marcas impresas en su piel. Entender todo esto es acercarse al secuestrado e iniciar el recorrido que lleva a la solidaridad. Este libro ha sido dictado como un imperativo de solidaridad. |
| 563 ## - NOTA DE ENCUADERNACIÓN |
| Nota de encuadernación |
Rústico |
| 650 #7 - ASIENTO SECUNDARIO DE MATERIA - TERMINO TEMÁTICO |
| Fuente del encabezamiento o término |
embne |
| 9 (RLIN) |
2494 |
| Término temático o nombre geográfico como elemento de entrada |
Secuestro |
| 942 ## - TIPO DE MATERIAL (KOHA) |
| Tipo de Item KOHA |
Libros General |
| 945 ## - INFORMACIÓN LOCAL DEL REGISTRO |
| Catalogador |
Dani |